000 00231nmm a2200085Ia 4500
008 220120s9999||||xx |||||||||||||||||und||
100 _aDigit
245 0 _a25 business software and tools, 12 ted Videos
260 _aNine dot Nine
_b39569
999 _c139923
_d139923